00408cam a22001454a 4500020003200000040000800032082002600040100002100066245002400087250001200111260003500123300006000158500002000218650002400238 a0072397462 (acidfree paper) cDLC00a547 HIL 2006 A027 Or.1 aSmith, Janice G.10aOrganic chemistry / a1st ed. aBoston :bMcGraw-Hill,cc2006. axxxiv, 1048, A-17, G-19, C-2, I-30 p. :bill. ;c29 cm. aIncludes index. 0aChemistry, Organic.